Classic Albums by Least Played Track - Statistics

General Stats
  • This quiz has been taken 107 times
    88 since last reset
  • The average score is 8 of 22
Answer Stats
Year Track Artist Album % Correct
1967 Good Morning Good Morning Beatles Sgt. Pepper's Lonely Hearts Club Band
79%
1971 Four Sticks Led Zeppelin Led Zeppelin IV
67%
1973 Eclipse Pink Floyd Dark Side of the Moon
65%
1991 On a Plain Nirvana Nevermind
59%
1971 You Gotta Move The Rolling Stones Sticky Fingers
49%
1977 Oh Daddy Fleetwood Mac Rumours
42%
1991 They're Red Hot Red Hot Chili Peppers Blood Sugar Sex Magik
41%
1976 Pretty Maids All in a Row Eagles Hotel California
40%
1975 Sweet Lady Queen A Night at the Opera
36%
1991 The Struggle Within Metallica Metallica
36%
1975 Meeting Across the River Bruce Springsteen Born to Run
35%
1967 I Looked at You The Doors The Doors
33%
1968 House Burning Down Jimi Hendrix Experience Electric Ladyland
32%
1997 Fitter Happier Radiohead OK Computer
32%
1971 My Wife The Who Who's Next
31%
1980 Shake a Leg AC/DC Back in Black
30%
1991 Deep Pearl Jam Ten
30%
1987 Mothers of the Disappeared U2 The Joshua Tree
27%
1987 Anything Goes Guns N' Roses Appetite for Destruction
26%
1972 It Ain't Easy David Bowie Ziggy Stardust
23%
1978 On Fire Van Halen Van Halen
17%
1983 If I Could Only Flag Her Down ZZ Top Eliminator
6%
No matching quizzes found
Score Distribution
Percent of People with Each Score
Percentile by Number Answered
Your Score History
You have not taken this quiz since the last reset